Normal view
MARC view
Entry Personal Name
001 - CONTROL NUMBER
- control field: 8896
003 - CONTROL NUMBER IDENTIFIER
- control field: ARRUPE
005 - DATE AND TIME OF LATEST TRANSACTION
- control field: 20140221170559.0
008 - FIXED-LENGTH DATA ELEMENTS
- fixed length control field: 140221|| aca||aabn | a|a d
040 ## - CATALOGING SOURCE
- Original cataloging agency: ARRUPE
- Transcribing agency: ARRUPE
100 ## - HEADING--PERSONAL NAME
- Personal name: Schweitzer, Albert,
- Dates associated with a name: 1875-1965.
670 ## - SOURCE DATA FOUND
- Source citation: Work cat.: (ARRUPE)0: Ratter, Magnus (Magnus C.) 8895, Albert Schweitzer,, [1935]